| 000 | 00609pam a2200217 a 4500 | ||
|---|---|---|---|
| 001 | 1052581 | ||
| 005 | 20180103074222.0 | ||
| 008 | 901015s1991 nyu 001 0 eng | ||
| 010 | _a 90021305 | ||
| 020 | _a0393959414 | ||
| 040 |
_aDLC _cDLC _dDLC |
||
| 041 | _aeng | ||
| 080 | _a808.1 HUN | ||
| 082 | 0 | 0 |
_a808.1 HUN _220 |
| 100 | _a21 | ||
| 101 | _aGJL | ||
| 245 | 0 | 4 |
_aThe Norton introduction to poetry / _c[edited by] J. Paul Hunter. |
| 906 |
_a7 _bcbc _corignew _d1 _eocip _f19 _gy-gencatlg |
||
| 942 |
_2ddc _cBK |
||
| 999 |
_c39641 _d39641 |
||